000 00437nam a2200157 i 4500
001 21125
003 ES-MaACL
005 20230906152425.0
007 t|
008 021121s1969 sp ||||1| spa d
100 1 _aAlavedra, Juan.
_919177
245 1 3 _aLa extraordinaria vida de Pablo Casals /
_cJuan Alavedra.
260 _a[Barcelona] :
_bAymá,
_c1969.
300 _a122 p. :
_bil. ;
_c28 cm.
852 _aES-MaACL
_jC-37522
_bR.72097
999 _c21125
_d21125